A nimfa

Príbeh. [Zatiaľ nedešifrovaný autor prekladu - pravdepobne regionálny.]

Bibliographic Details
Main Author: Jaloux, Edmond (Author)
Other Authors: [?] (XXX)
Format: Article
Language:Hungarian
Subjects:
Source: 1. Homonna és Vidéke : Vegyes tartalmu közmüvelődési, szépirodalmi és közgazdasági hetilap 1. Roč. 12, č. 29 (14.07.1912) s. 1 a 2
LEADER 00933nab#a2200325#ar4500
001 000071609
003 SVKKK
005 20010415xxxxxxx.
008 06 c xo huno
FMT
038 |a SVKKK 
040 |a SVKKK  |b slo  |e AACR2 
041 0 |a hun 
044 |a xo  |c SK 
080 |a 840:82.035(=945.11) 
100 1 |a Jaloux, Edmond  |4 aut 
242 1 0 |a Nymfa 
245 1 0 |a A nimfa  |c Edmond Jaloux / [?] 
500 |a mikrofilm 
520 2 |a Príbeh. [Zatiaľ nedešifrovaný autor prekladu - pravdepobne regionálny.] 
650 0 4 |a príbehy - literatúra francúzska - preklady maďarské - texty 
700 0 |a [?]  |4 XXX 
773 0 |t Homonna és Vidéke : Vegyes tartalmu közmüvelődési, szépirodalmi és közgazdasági hetilap  |g Roč. 12, č. 29 (14.07.1912) s. 1 a 2 
957 |a Humenné [?] 
958 |a DG 
958 |a SK 
974 |a Ba  |d 20010415 
992 |a RBX 
BAS
998 |a RETRO